Normal view
MARC view
- Hemingway, Ernest,
Entry Personal Name
001 - CONTROL NUMBER
- control field: 90526
003 - CONTROL NUMBER IDENTIFIER
- control field: KE-NaSUL
005 - DATE AND TIME OF LATEST TRANSACTION
- control field: 20250825172642.0
008 - FIXED-LENGTH DATA ELEMENTS
- fixed length control field: 250825|| aca||aabn | a|a d
040 ## - CATALOGING SOURCE
- Original cataloging agency: KE-NaSUL
- Transcribing agency: KE-NaSUL
100 ## - HEADING--PERSONAL NAME
- Personal name: Hemingway, Ernest,
- Dates associated with a name: 1899-1961
- General subdivision: Criticism and interpretation
- Form subdivision: Handbooks, manuals, etc
670 ## - SOURCE DATA FOUND
- Source citation: Work cat.: (KE-NaSUL)57985: Tyler, Lisa, 1964- 90525, Student companion to Ernest Hemingway, 2001.